Normal view
MARC view
Entry Topical Term
001 - CONTROL NUMBER
- control field: 43255
003 - CONTROL NUMBER IDENTIFIER
- control field: dpl
005 - DATE AND TIME OF LATEST TRANSACTION
- control field: 20120301110803.0
008 - FIXED-LENGTH DATA ELEMENTS
- fixed length control field: 120301|||a|||||| | ||| d
040 ## - CATALOGING SOURCE
- Original cataloging agency: dpl
- Transcribing agency: dpl
150 ## - HEADING--TOPICAL TERM
- Topical term or geographic name as entry element: Web sites
- General subdivision: Authoring programs.
670 ## - SOURCE DATA FOUND
- Source citation: Work cat.: (dpl): Kosinska, Elena 43250, Microsoft Expression Blend 4 step by step /, 2012
670 ## - SOURCE DATA FOUND
- Source citation: Work cat.: (dpl): Kosinska, Elena 43250, Microsoft Expression Blend 4 step by step /, 2012
